[Event "Belgrade (Women) 55th"]
[Site "Belgrade"]
[Date "2024.03.09"]
[Round "8"]
[White "Bhakti, Kulkarni"]
[Black "Djukic, Sandra"]
[Result "1/2-1/2"]
[WhiteElo "2372"]
[BlackElo "2127"]
[PlyCount "69"]
[EventDate "2024.03.02"]
[EventType "tourn"]
[EventRounds "9"]
[EventCountry "SRB"]
[EventCategory "1"]
[SourceTitle "CB11_2024"]
[SourceDate "2024.03.13"]
[SourceVersion "1"]
[SourceVersionDate "2024.03.13"]
[SourceQuality "1"]

1. Nf3 Nf6 2. c4 e6 3. e3 d5 4. Nc3 dxc4 5. Bxc4 a6 6. a4 c5 7. d4 Be7 8. 0-0 Nc6 9. Qe2 cxd4 10. Rd1 0-0 11. exd4 Nb4 12. Bg5 Nbd5 13. Rac1 h6 14. Bh4 Nxc3 15. bxc3 Bd7 16. Bb3 Qe8 17. Ra1 Bc6 18. Ne5 Nd5 19. Bxe7 Qxe7 20. Bc2 Qg5 21. Nxc6 bxc6 22. g3 g6 23. h4 Qf6 24. Qd3 h5 25. Rab1 a5 26. Rb3 Rab8 27. Rdb1 Rxb3 28. Rxb3 e5 29. Qe4 exd4 30. cxd4 Nb4 31. Rf3 Qd6 32. Bb3 Nd5 33. g4 hxg4 34. Qxg4 Kg7 35. Qg3 1/2-1/2

[Event "Belgrade (Women) 55th"]
[Site "Belgrade"]
[Date "2024.03.03"]
[Round "2"]
[White "Bhakti, Kulkarni"]
[Black "Maltsevskaya, Aleksandra"]
[Result "0-1"]
[WhiteElo "2372"]
[BlackElo "2374"]
[PlyCount "64"]
[EventDate "2024.03.02"]
[EventType "tourn"]
[EventRounds "9"]
[EventCountry "SRB"]
[EventCategory "1"]
[SourceTitle "CB11_2024"]
[SourceDate "2024.03.13"]
[SourceVersion "1"]
[SourceVersionDate "2024.03.13"]
[SourceQuality "1"]

1. Nf3 c5 2. c4 Nc6 3. g3 g6 4. Bg2 Bg7 5. Nc3 Nf6 6. 0-0 0-0 7. b3 d5 8. cxd5 Nxd5 9. Bb2 Nxc3 10. Bxc3 e5 11. Rc1 Bg4 12. h3 Be6 13. d3 Rc8 14. Qd2 h6 15. Qb2 Nd4 16. Rfd1 Qd7 17. Kh2 Rfe8 18. Nxd4 exd4 19. Bd2 Bd5 20. Re1 Bxg2 21. Kxg2 Qd5+ 22. Kh2 Re6 23. b4 c4 24. dxc4 Rxc4 25. Qb3 b5 26. a4 Qf5 27. Kg2 Rxc1 28. Bxc1 bxa4 29. Qxa4 d3 30. Be3 Bc3 31. Qd7 Rxe3 32. Qd8+ Kh7 0-1

[Event "Nova Gorica op 28th"]
[Site "Nova Gorica"]
[Date "2024.01.29"]
[Round "5"]
[White "Bhakti, Kulkarni"]
[Black "Marchesich, Giovanni"]
[Result "1-0"]
[WhiteElo "2364"]
[BlackElo "2210"]
[PlyCount "75"]
[EventDate "2024.01.26"]
[EventType "swiss"]
[EventRounds "9"]
[EventCountry "SLO"]
[SourceTitle "CB06_2024"]
[SourceDate "2024.02.07"]
[SourceVersion "1"]
[SourceVersionDate "2024.02.07"]
[SourceQuality "1"]

1. Nf3 Nf6 2. g3 g6 3. b3 Bg7 4. Bb2 c5 5. c4 d6 6. Bg2 e5 7. d3 0-0 8. 0-0 Nc6 9. Nc3 Rb8 10. a3 Ne8 11. Nd2 Nc7 12. b4 cxb4 13. axb4 Nxb4 14. Qb3 Nba6 15. Ba3 b6 16. Nde4 Bb7 17. Bxd6 Re8 18. Bxc7 Qxc7 19. Nb5 Qe7 20. Ned6 Nc5 21. Qc2 Bxg2 22. Kxg2 Red8 23. Rxa7 Rd7 24. Rfa1 e4 25. Rxd7 Qxd7 26. Ra7 exd3 27. exd3 Qc6+ 28. f3 Nb7 29. Nxb7 Rxb7 30. Ra8+ Bf8 31. Qe2 Re7 32. Qxe7 Qxa8 33. Qe2 Qa1 34. d4 Bg7 35. Qe8+ Bf8 36. Nd6 Qa2+ 37. Kh3 Qa7 38. Qd8 1-0

[Event "Nova Gorica op 28th"]
[Site "Nova Gorica"]
[Date "2024.01.28"]
[Round "4"]
[White "Bodrogi, Bendeguz"]
[Black "Bhakti, Kulkarni"]
[Result "1/2-1/2"]
[WhiteElo "2261"]
[BlackElo "2364"]
[PlyCount "209"]
[EventDate "2024.01.26"]
[EventType "swiss"]
[EventRounds "9"]
[EventCountry "SLO"]
[SourceTitle "CB06_2024"]
[SourceDate "2024.02.07"]
[SourceVersion "1"]
[SourceVersionDate "2024.02.07"]
[SourceQuality "1"]

1. Nf3 d5 2. g3 Nc6 3. d4 Bf5 4. Bg2 Nb4 5. Na3 e6 6. 0-0 Nc6 7. Nb1 Nb4 8. Na3 Nc6 9. Nb1 Be7 10. c4 Nf6 11. Nc3 dxc4 12. Ne5 0-0 13. e4 Bg6 14. Nxg6 hxg6 15. e5 Nd5 16. Nxd5 exd5 17. b3 cxb3 18. axb3 Qd7 19. Be3 Nb4 20. f4 Rfc8 21. Rc1 a5 22. g4 a4 23. f5 Ra6 24. bxa4 Qxa4 25. Qf3 Qe8 26. Bd2 g5 27. e6 Na2 28. exf7+ Qxf7 29. Qb3 Nxc1 30. Qxb7 Ne2+ 31. Kh1 Ng3+ 32. hxg3 Rh6+ 33. Kg1 Rd8 34. Qxc7 Ra6 35. Re1 Bf6 36. Qc5 Ra4 37. Be3 Rc4 38. Qb6 Re8 39. Qb5 Rd8 40. Qb6 Qe7 41. Qa5 Qd6 42. Bf2 Bxd4 43. Bxd4 Rxd4 44. Re6 Qb8 45. f6 Rf8 46. fxg7 Kxg7 47. Qa1 Qb4 48. Qc1 Rxg4 49. Qc7+ Rf7 50. Qe5+ Kh7 51. Kh2 Qd4 52. Qd6 Qd3 53. Re7 Qg6 54. Rxf7+ Qxf7 55. Bxd5 Qf2+ 56. Bg2 Rd4 57. Qe7+ Kh6 58. Qe6+ Kg7 59. Qe7+ Kg6 60. Qe6+ Qf6 61. Qxf6+ Kxf6 62. Bf3 Ke5 63. Kg2 g4 64. Bc6 Rd6 65. Bb7 Rd2+ 66. Kg1 Rc2 67. Ba8 Kd4 68. Bb7 Ke3 69. Ba8 Rf2 70. Bc6 Rf6 71. Bb7 Ke2 72. Kg2 Rf2+ 73. Kg1 Ke3 74. Bc6 Rc2 75. Bb7 Kd4 76. Ba8 Rc7 77. Kf2 Ke5 78. Kg1 Kd4 79. Kg2 Ra7 80. Bc6 Kc5 81. Be4 Ra4 82. Bb7 Kd4 83. Bc6 Ra7 84. Kg1 Rc7 85. Ba8 Ke3 86. Bd5 Rd7 87. Bc6 Rf7 88. Bd5 Rf3 89. Kg2 Ke2 90. Bc6 Rf2+ 91. Kg1 Ke3 92. Bb7 Rb2 93. Bc6 Ke2 94. Kg2 Rc2 95. Bb7 Ke3+ 96. Kg1 Rc5 97. Kg2 Ra5 98. Bc6 Ra7 99. Bd5 Kd4 100. Bc6 Re7 101. Ba8 Kc5 102. Kg1 Re8 103. Bb7 Rb8 104. Be4 Kd4 105. Bc6 1/2-1/2

[Event "Marianske Lazne IM-B1 22nd"]
[Site "Marianske Lazne"]
[Date "2024.01.20"]
[Round "9"]
[White "Bhakti, Kulkarni"]
[Black "Rasmussen, Casper"]
[Result "1-0"]
[WhiteElo "2364"]
[BlackElo "2265"]
[PlyCount "155"]
[EventDate "2024.01.13"]
[EventType "tourn"]
[EventRounds "9"]
[EventCountry "CZE"]
[EventCategory "1"]
[SourceTitle "CB04_2024"]
[SourceDate "2023.10.16"]
[SourceVersion "1"]
[SourceVersionDate "2023.10.16"]
[SourceQuality "1"]

1. Nf3 Nf6 2. c4 c5 3. Nc3 Nc6 4. e3 e6 5. d4 d5 6. a3 a6 7. dxc5 Bxc5 8. b4 Be7 9. cxd5 exd5 10. Be2 0-0 11. 0-0 Bg4 12. Bb2 Qd7 13. Rc1 Rad8 14. Re1 Rfe8 15. h3 Bh5 16. Qb3 Bxf3 17. Bxf3 Ne5 18. Bxd5 Nxd5 19. Red1 Qe6 20. Nxd5 Bf8 21. e4 Ng6 22. Qe3 Bd6 23. Re1 Bb8 24. Nc7 Bxc7 25. Rxc7 Rd7 26. Rec1 Red8 27. Rxd7 Qxd7 28. f4 Re8 29. f5 Ne5 30. Rc5 Nd3 31. Rd5 Qxd5 32. Qg3 Qe5 33. Bxe5 Nxe5 34. f6 Ng6 35. fxg7 Kxg7 36. Qg4 Re5 37. Qd7 b5 38. Qd4 Kg8 39. Kf2 h6 40. g4 Re6 41. Kg3 Ne5 42. Kf4 Ng6+ 43. Ke3 Ne5 44. Qc3 Kh7 45. Qc7 Kg7 46. Kd4 Nc6+ 47. Kc5 Ne5 48. Qd8 Ng6 49. Qd4+ Kh7 50. h4 Ne7 51. Qd7 Kg7 52. Qxe6 fxe6 53. Kb6 Kf6 54. Kxa6 Ke5 55. Kxb5 Kxe4 56. Kc5 Kf4 57. b5 Nc8 58. a4 e5 59. a5 e4 60. b6 Nd6 61. a6 e3 62. b7 e2 63. b8Q e1Q 64. Qxd6+ Kxg4 65. Qd4+ Kh5 66. a7 Qe7+ 67. Kb5 Qe8+ 68. Ka5 Qe1+ 69. Ka6 Qe2+ 70. Kb6 Qe6+ 71. Kb5 Qe2+ 72. Kb4 Qe1+ 73. Ka4 Qe4 74. Qb4 Qc2+ 75. Kb5 Qe2+ 76. Qc4 Qe8+ 77. Qc6 Qe2+ 78. Kb6 1-0

[Event "Marianske Lazne IM-B1 22nd"]
[Site "Marianske Lazne"]
[Date "2024.01.16"]
[Round "5"]
[White "Hak, David"]
[Black "Bhakti, Kulkarni"]
[Result "0-1"]
[WhiteElo "2310"]
[BlackElo "2364"]
[PlyCount "130"]
[EventDate "2024.01.13"]
[EventType "tourn"]
[EventRounds "9"]
[EventCountry "CZE"]
[EventCategory "1"]
[SourceTitle "CB04_2024"]
[SourceDate "2023.10.16"]
[SourceVersion "1"]
[SourceVersionDate "2023.10.16"]
[SourceQuality "1"]

1. d4 e6 2. Nf3 f5 3. g3 Nf6 4. Bg2 d5 5. 0-0 Be7 6. c4 Ne4 7. Nc3 c6 8. Rb1 Nd7 9. Nd2 Nd6 10. b4 Nf6 11. b5 0-0 12. bxc6 bxc6 13. Qa4 Qc7 14. Ba3 Bd7 15. Bc5 Rfb8 16. Rb3 Nc8 17. Qa3 Be8 18. Rfb1 Bxc5 19. Qxc5 Rxb3 20. Rxb3 Qd6 21. Qa5 dxc4 22. Nxc4 Qxd4 23. Ne5 Nd6 24. Nf3 Qc4 25. Bf1 Nfe4 26. Nxe4 fxe4 27. Nd2 Qd5 28. Qc3 Rd8 29. Qe3 Nf5 30. Qxe4 Qxd2 31. Qxe6+ Bf7 32. Qxf5 Bxb3 33. axb3 Qc1 34. Qe6+ Kh8 35. Qe7 Qd1 36. e4 a5 37. Qc7 Rf8 38. Qxa5 Qf3 39. Qc5 h6 40. Be2 Qf7 41. Bh5 Qf6 42. e5 Qf5 43. Bg6 Qf3 44. Be4 Qd1+ 45. Kg2 Rc8 46. e6 Qg4 47. Qe5 Re8 48. Bf5 Qg5 49. Qe4 Rb8 50. Bg6 Qe7 51. Qxc6 Rd8 52. Qe4 Kg8 53. b4 Rd2 54. Bf7+ Kf8 55. b5 Qd6 56. Qf3 Rd3 57. Qa8+ Qd8 58. Qe4 Ke7 59. Qh4+ g5 60. Qxh6 Qd5+ 61. Kh3 Qf5+ 62. Kg2 Rd2 63. Qg7 Qxf2+ 64. Kh3 Qf5+ 65. g4 Qf3# 0-1

[Event "Krakow op-A 34th"]
[Site "Krakow"]
[Date "2024.01.03"]
[Round "8"]
[White "Bhakti, Kulkarni"]
[Black "Balint, Peter1"]
[Result "1-0"]
[WhiteElo "2364"]
[BlackElo "2187"]
[PlyCount "133"]
[EventDate "2023.12.27"]
[EventType "swiss"]
[EventRounds "9"]
[EventCountry "POL"]
[SourceTitle "CB02_2024"]
[SourceDate "2024.01.10"]
[SourceVersion "1"]
[SourceVersionDate "2024.01.10"]
[SourceQuality "1"]

1. Nf3 Nf6 2. c4 c5 3. g3 Nc6 4. Bg2 d6 5. b3 g6 6. Bb2 Bg7 7. 0-0 0-0 8. d3 a6 9. Nc3 Rb8 10. Nd5 e6 11. Nxf6+ Bxf6 12. Qd2 b5 13. Qh6 e5 14. h4 Bg7 15. Qd2 h6 16. h5 gxh5 17. Nh4 Qg5 18. Qxg5 hxg5 19. Bxc6 gxh4 20. gxh4 Bg4 21. f3 Bh3 22. Rf2 Be6 23. f4 f5 24. Rg2 Kh7 25. Rxg7+ Kxg7 26. fxe5 bxc4 27. dxc4 Kh7 28. exd6 Rb6 29. Bf3 Rxd6 30. Bxh5 f4 31. Kf2 f3 32. Bxf3 Bg4 33. Ba3 Rf5 34. Bxc5 Rdf6 35. Bd4 Rf7 36. Rh1 Bxf3 37. exf3 Rxf3+ 38. Ke2 Rg3 39. Rh2 Re7+ 40. Kd1 Rd3+ 41. Rd2 Rxd2+ 42. Kxd2 Kg6 43. Be3 Re4 44. Bg5 Kf5 45. Kc3 Rg4 46. Kb4 Rg2 47. a4 Rg3 48. c5 Ke6 49. c6 a5+ 50. Kc4 Rg4+ 51. Kc5 Rg3 52. Kc4 Rg4+ 53. Kc5 Rg3 54. Bd2 Rxb3 55. Bxa5 Rb1 56. Bd8 Rc1+ 57. Kb6 Rb1+ 58. Kc7 Ra1 59. a5 Rxa5 60. Kb7 Ra4 61. h5 Rc4 62. Bb6 Kf5 63. Be3 Rb4+ 64. Ka6 Rb3 65. c7 Rc3 66. Kb7 Rb3+ 67. Kc6 1-0

[Event "Krakow op-A 34th"]
[Site "Krakow"]
[Date "2024.01.02"]
[Round "7"]
[White "Antolak, Julia"]
[Black "Bhakti, Kulkarni"]
[Result "1/2-1/2"]
[WhiteElo "2287"]
[BlackElo "2364"]
[PlyCount "36"]
[EventDate "2023.12.27"]
[EventType "swiss"]
[EventRounds "9"]
[EventCountry "POL"]
[SourceTitle "CB02_2024"]
[SourceDate "2024.01.10"]
[SourceVersion "1"]
[SourceVersionDate "2024.01.10"]
[SourceQuality "1"]

1. d4 e6 2. e4 d5 3. Nd2 c5 4. exd5 Qxd5 5. dxc5 Nf6 6. Ngf3 Qxc5 7. g3 e5 8. Nb3 Qc7 9. Bg2 Bd6 10. 0-0 0-0 11. Bg5 Ne4 12. Be3 Nc6 13. c4 Bg4 14. Qc2 f5 15. Nh4 Nb4 16. Qc1 Nd3 17. Qc2 Nb4 18. Qc1 Nd3 1/2-1/2

[Event "Krakow op-A 34th"]
[Site "Krakow"]
[Date "2023.12.28"]
[Round "2"]
[White "Bhakti, Kulkarni"]
[Black "Buchenau, Frank"]
[Result "1-0"]
[WhiteElo "2364"]
[BlackElo "2135"]
[PlyCount "65"]
[EventDate "2023.12.27"]
[EventType "swiss"]
[EventRounds "9"]
[EventCountry "POL"]
[SourceTitle "CB02_2024"]
[SourceDate "2024.01.10"]
[SourceVersion "1"]
[SourceVersionDate "2024.01.10"]
[SourceQuality "1"]

1. e4 e6 2. d4 d5 3. Nc3 Nf6 4. e5 Nfd7 5. f4 c5 6. Nf3 Nc6 7. Be3 Be7 8. a3 0-0 9. Bd3 f6 10. dxc5 fxe5 11. fxe5 Rxf3 12. gxf3 Ndxe5 13. Bf2 Qf8 14. Be2 Bxc5 15. Bxc5 Qxc5 16. Qd2 Bd7 17. 0-0-0 Rf8 18. Na4 Qd6 19. Rhg1 Ne7 20. Nc3 N7g6 21. Qe3 Qb6 22. Qxb6 axb6 23. Rgf1 Nf4 24. Bb5 Bc6 25. Rde1 Rf5 26. a4 Kf7 27. Kd2 Rh5 28. Kd1 Kf6 29. Ne2 Ng2 30. Ng3 Rh4 31. Re2 Bxb5 32. axb5 Ra4 33. Rxg2 1-0

[Event "Olomouc GM-B 24th"]
[Site "Olomouc"]
[Date "2023.08.17"]
[Round "7"]
[White "Vlasak, Lukas"]
[Black "Bhakti, Kulkarni"]
[Result "1/2-1/2"]
[WhiteElo "2450"]
[BlackElo "2345"]
[PlyCount "49"]
[EventDate "2023.08.12"]
[EventType "tourn"]
[EventRounds "9"]
[EventCountry "CZE"]
[EventCategory "6"]
[SourceTitle "CBM 215 Extra"]
[Source "ChessBase"]
[SourceDate "2023.09.30"]
[SourceVersion "1"]
[SourceVersionDate "2023.09.30"]
[SourceQuality "1"]

1. d4 f5 2. Nf3 Nf6 3. g3 e6 4. Bg2 d5 5. c4 Be7 6. Qc2 Ne4 7. Nc3 c6 8. 0-0 Nd7 9. Rb1 a5 10. a3 0-0 11. b4 axb4 12. axb4 Nb6 13. c5 Nc4 14. Nxe4 fxe4 15. Ne5 Nxe5 16. dxe5 Bd7 17. Bh3 Qe8 18. Bb2 Qh5 19. Bg2 Be8 20. Bd4 Bg6 21. Qb2 e3 22. Ra1 exf2+ 23. Bxf2 h6 24. Bd4 Bf5 25. Rf2 1/2-1/2

[Event "Olomouc GM-B 24th"]
[Site "Olomouc"]
[Date "2023.08.13"]
[Round "3"]
[White "Bhakti, Kulkarni"]
[Black "Levitan, Tal"]
[Result "1/2-1/2"]
[WhiteElo "2345"]
[BlackElo "2321"]
[PlyCount "78"]
[EventDate "2023.08.12"]
[EventType "tourn"]
[EventRounds "9"]
[EventCountry "CZE"]
[EventCategory "6"]
[SourceTitle "CBM 215 Extra"]
[Source "ChessBase"]
[SourceDate "2023.09.30"]
[SourceVersion "1"]
[SourceVersionDate "2023.09.30"]
[SourceQuality "1"]

1. Nf3 d5 2. g3 Bg4 3. Bg2 Nd7 4. d4 c6 5. 0-0 Ngf6 6. h3 Bh5 7. c4 e6 8. cxd5 exd5 9. Qb3 Nb6 10. Nh4 Bg6 11. Nc3 Be7 12. a4 a5 13. Re1 0-0 14. Nxg6 hxg6 15. e4 dxe4 16. Nxe4 Bb4 17. Rd1 Nxe4 18. Bxe4 Nd5 19. Bd2 Re8 20. Bxd5 Qxd5 21. Qxd5 cxd5 22. Bxb4 axb4 23. b3 Rac8 24. Rdc1 b6 25. Rxc8 Rxc8 26. a5 bxa5 27. Rxa5 Rc3 28. Rxd5 Rxb3 29. Rd8+ Kh7 30. Rb8 g5 31. Rb6 f6 32. Kf1 Kg6 33. Ke2 Kf5 34. f3 Rb2+ 35. Ke3 Rb3+ 36. Ke2 Rb1 37. Ke3 b3 38. Kf2 Rb2+ 39. Ke3 Rb1 1/2-1/2

[Event "Leca da Palmeira 2nd"]
[Site "Leca da Palmeira"]
[Date "2023.08.03"]
[Round "5"]
[White "Bhakti, Kulkarni"]
[Black "Espinosa Veloz, Ermes"]
[Result "1-0"]
[WhiteElo "2315"]
[BlackElo "2498"]
[PlyCount "119"]
[EventDate "2023.07.31"]
[EventType "swiss"]
[EventRounds "9"]
[EventCountry "POR"]
[SourceTitle "CBM 215 Extra"]
[Source "ChessBase"]
[SourceDate "2023.09.30"]
[SourceVersion "1"]
[SourceVersionDate "2023.09.30"]
[SourceQuality "1"]

1. Nf3 Nf6 2. c4 g6 3. b3 Bg7 4. Bb2 c5 5. g3 d6 6. Bg2 e5 7. d3 Nc6 8. 0-0 0-0 9. Nc3 Ne8 10. Nd2 Nc7 11. a3 a5 12. Nd5 Be6 13. Bc3 Rb8 14. Rb1 b5 15. f4 b4 16. axb4 axb4 17. Nxc7 Qxc7 18. Bb2 f5 19. Nf3 h6 20. Qd2 exf4 21. gxf4 Bxb2 22. Qxb2 Qg7 23. Qxg7+ Kxg7 24. d4 Bf7 25. Ra1 Rfe8 26. d5 Ne7 27. Ra6 Nc8 28. Kf2 Rb7 29. Re1 Ree7 30. Ra8 Nb6 31. Rd8 Red7 32. Rxd7 Nxd7 33. Ra1 Kf6 34. e4 fxe4 35. Nd2 Ke7 36. Nxe4 Nf6 37. Nxc5 Rc7 38. Nd3 Be8 39. Re1+ Kf7 40. Re6 Ra7 41. Rxd6 Ra2+ 42. Kf3 Rc2 43. Nxb4 Rc3+ 44. Ke2 Bd7 45. Nd3 Rc2+ 46. Kf1 Bf5 47. Ne5+ Ke7 48. Ra6 Rc1+ 49. Kf2 Rc2+ 50. Ke3 Rxg2 51. d6+ Kd8 52. Ra8+ Bc8 53. c5 Nd5+ 54. Kf3 Rb2 55. Rb8 g5 56. f5 h5 57. d7 g4+ 58. Kg3 h4+ 59. Kxh4 Rxh2+ 60. Kg3 1-0

[Event "Leca da Palmeira 2nd"]
[Site "Leca da Palmeira"]
[Date "2023.08.01"]
[Round "3"]
[White "Ribeiro, Orlando Camilo Duar"]
[Black "Bhakti, Kulkarni"]
[Result "0-1"]
[WhiteElo "1967"]
[BlackElo "2315"]
[PlyCount "92"]
[EventDate "2023.07.31"]
[EventType "swiss"]
[EventRounds "9"]
[EventCountry "POR"]
[SourceTitle "CBM 215 Extra"]
[Source "ChessBase"]
[SourceDate "2023.09.30"]
[SourceVersion "1"]
[SourceVersionDate "2023.09.30"]
[SourceQuality "1"]

1. e4 e6 2. d4 d5 3. Nc3 Bb4 4. e5 c5 5. a3 Bxc3+ 6. bxc3 Ne7 7. Nf3 h6 8. h4 b6 9. Bb5+ Bd7 10. Bd3 c4 11. Be2 Ba4 12. h5 Kd7 13. Nh4 Qg8 14. Rh3 g5 15. hxg6 fxg6 16. g4 g5 17. Ng2 Qg6 18. Ra2 Na6 19. Be3 Nc7 20. Kd2 Nb5 21. f4 Raf8 22. Qb1 Nc6 23. Qh1 Qg7 24. f5 Nd8 25. Ne1 Nc7 26. Rh5 Nf7 27. Nf3 Kc8 28. Nh2 Be8 29. Rh3 Bd7 30. f6 Qg6 31. Qb1 Ba4 32. Qb4 b5 33. Qb2 a5 34. Nf1 h5 35. gxh5 Qe4 36. Qb1 Rfg8 37. Ng3 Qh7 38. Qd1 Nh6 39. Bg4 Nxg4 40. Qxg4 Bxc2 41. Rxc2 Qd3+ 42. Kc1 Qxe3+ 43. Kb1 b4 44. Nf1 Qe1+ 45. Rc1 Qf2 46. Rc2 Qxf1+ 0-1

[Event "Leca da Palmeira 2nd"]
[Site "Leca da Palmeira"]
[Date "2023.07.31"]
[Round "1"]
[White "Bhakti, Kulkarni"]
[Black "Potluri, Saye Srreezza"]
[Result "1-0"]
[WhiteElo "2315"]
[BlackElo "1919"]
[PlyCount "87"]
[EventDate "2023.07.31"]
[EventType "swiss"]
[EventRounds "9"]
[EventCountry "POR"]
[SourceTitle "CBM 215 Extra"]
[Source "ChessBase"]
[SourceDate "2023.09.30"]
[SourceVersion "1"]
[SourceVersionDate "2023.09.30"]
[SourceQuality "1"]

1. Nf3 d5 2. g3 Nf6 3. Bg2 e6 4. 0-0 c5 5. c4 Nc6 6. cxd5 exd5 7. d4 Be7 8. dxc5 Bxc5 9. Nc3 0-0 10. Ne1 d4 11. Na4 Be7 12. Nd3 Bg4 13. h3 Bh5 14. Nf4 Bg6 15. Nxg6 hxg6 16. e3 Qd7 17. exd4 Rad8 18. Be3 Nxd4 19. Rc1 b6 20. a3 Nf5 21. Qxd7 Rxd7 22. Bg5 Nd4 23. Rfe1 Ne6 24. h4 Nc5 25. Bh3 Rb7 26. Nxc5 Bxc5 27. b4 Bd4 28. Bf4 Nh5 29. Bd6 Bb2 30. Rc2 Rd8 31. Bc8 Rxd6 32. Bxb7 Bxa3 33. Rc8+ Kh7 34. Ree8 g5 35. hxg5 Kg6 36. b5 Kxg5 37. Re5+ f5 38. Rc6 g6 39. Rxd6 Bxd6 40. Re6 Bc5 41. Kg2 f4 42. Be4 fxg3 43. Rxg6+ Kf4 44. Bf3 1-0

[Event "Budapest FS02 IM"]
[Site "Budapest"]
[Date "2023.02.13"]
[Round "8"]
[White "Ilincic, Zlatko"]
[Black "Bhakti, Kulkarni"]
[Result "1/2-1/2"]
[WhiteElo "2298"]
[BlackElo "2313"]
[PlyCount "36"]
[EventDate "2023.02.04"]
[EventType "tourn"]
[EventRounds "9"]
[EventCountry "HUN"]
[SourceTitle "CBM 212 Extra"]
[Source "ChessBase"]
[SourceDate "2023.03.31"]
[SourceVersion "1"]
[SourceVersionDate "2023.03.31"]
[SourceQuality "1"]

1. d4 d5 2. c4 c6 3. cxd5 cxd5 4. Nc3 Nf6 5. Nf3 Nc6 6. e3 Bf5 7. Bd3 Bxd3 8. Qxd3 e6 9. 0-0 Bd6 10. a3 0-0 11. b4 Rc8 12. Bb2 Qe7 13. Rfc1 h6 14. Nb5 Bb8 15. Nc3 Bd6 16. Nb5 Bb8 17. Nc3 Bd6 18. Nb5 Bb8 1/2-1/2

[Event "Budapest FS02 IM"]
[Site "Budapest"]
[Date "2023.02.07"]
[Round "4"]
[White "Matyassy, Lazar"]
[Black "Bhakti, Kulkarni"]
[Result "0-1"]
[WhiteElo "2299"]
[BlackElo "2313"]
[PlyCount "38"]
[EventDate "2023.02.04"]
[EventType "tourn"]
[EventRounds "9"]
[EventCountry "HUN"]
[SourceTitle "CBM 212 Extra"]
[Source "ChessBase"]
[SourceDate "2023.03.31"]
[SourceVersion "1"]
[SourceVersionDate "2023.03.31"]
[SourceQuality "1"]

1. e4 g6 2. d4 Bg7 3. Nf3 d6 4. Be2 a6 5. a4 Nf6 6. Nc3 Bg4 7. Be3 Nc6 8. 0-0 e5 9. d5 Ne7 10. Ne1 Bd7 11. Nd3 0-0 12. f4 exf4 13. Bxf4 h6 14. Kh1 g5 15. Bg3 Ng6 16. e5 Ne8 17. exd6 cxd6 18. Bh5 Ne7 19. Nf2 Nf5 0-1

[Event "Budapest FS02 IM"]
[Site "Budapest"]
[Date "2023.02.04"]
[Round "1"]
[White "Bhakti, Kulkarni"]
[Black "Palczert, Matyas"]
[Result "1-0"]
[WhiteElo "2313"]
[BlackElo "2360"]
[PlyCount "89"]
[EventDate "2023.02.04"]
[EventType "tourn"]
[EventRounds "9"]
[EventCountry "HUN"]
[SourceTitle "CBM 212 Extra"]
[Source "ChessBase"]
[SourceDate "2023.03.31"]
[SourceVersion "1"]
[SourceVersionDate "2023.03.31"]
[SourceQuality "1"]

1. Nf3 Nf6 2. g3 d5 3. Bg2 e6 4. 0-0 Be7 5. c4 0-0 6. b3 b6 7. Bb2 c5 8. cxd5 Nxd5 9. d4 Bb7 10. dxc5 Bxc5 11. Nc3 Nd7 12. Nxd5 Bxd5 13. b4 Be7 14. Nd4 Bxg2 15. Kxg2 Qc7 16. Qb3 Qb7+ 17. Kg1 Bf6 18. Rac1 Rfc8 19. Nb5 Be7 20. Qd3 Nf6 21. Nd6 Bxd6 22. Qxd6 Rd8 23. Qf4 Qe4 24. Qxe4 Nxe4 25. Rfd1 f6 26. f3 Nd6 27. Rd3 Kf8 28. a4 b5 29. Rcd1 Ke7 30. Bd4 Nb7 31. axb5 Rd5 32. Bc5+ Nxc5 33. Rxd5 exd5 34. bxc5 Rb8 35. Ra1 Rb7 36. Kf2 f5 37. Ra5 d4 38. c6 Rc7 39. Rxa7 Rxa7 40. b6 d3 41. bxa7 d2 42. a8Q d1Q 43. Qa7+ Kd8 44. c7+ Kd7 45. Qb7 1-0

[Event "IND-ch (Women) 48th"]
[Site "Hatkanangale"]
[Date "2022.12.30"]
[Round "5"]
[White "Potluri, Saye Srreezza"]
[Black "Bhakti, Kulkarni"]
[Result "0-1"]
[WhiteElo "2024"]
[BlackElo "2319"]
[PlyCount "106"]
[EventDate "2022.12.26"]
[EventType "swiss"]
[EventRounds "11"]
[EventCountry "IND"]
[SourceTitle "CBM 212 Extra"]
[Source "ChessBase"]
[SourceDate "2023.03.31"]
[SourceVersion "1"]
[SourceVersionDate "2023.03.31"]
[SourceQuality "1"]

1. d4 d5 2. c4 e6 3. Nc3 a6 4. cxd5 exd5 5. Nf3 Nf6 6. Bg5 Be6 7. e3 Nbd7 8. Bd3 Bd6 9. Qc2 c6 10. Bh4 h6 11. Bg3 Qc7 12. Bf5 Bxf5 13. Qxf5 0-0 14. Ne5 Rae8 15. f4 Bb4 16. 0-0 Bxc3 17. bxc3 Nb6 18. a4 a5 19. Rfc1 Ne4 20. Be1 f6 21. Nd3 Nc4 22. Qh3 Re7 23. Ra2 Rfe8 24. Re2 Qb6 25. f5 Ng5 26. Qh5 Nxe3 27. h4 Nf7 28. Bg3 Qd8 29. Rce1 Qc8 30. Rf2 b6 31. Rf3 c5 32. Bf2 cxd4 33. cxd4 Nc4 34. Rxe7 Rxe7 35. Nf4 Nd2 36. Nxd5 Nxf3+ 37. Qxf3 Rd7 38. Nf4 Qb7 39. Qg4 Qe4 40. g3 Nd6 41. Qd1 Nxf5 42. Qb3+ Kh7 43. Ne6 Qd5 44. Nf8+ Kg8 45. Qa3 Qd6 46. Qd3 Kxf8 47. Qxf5 Qc6 48. g4 Rd8 49. Kh2 Qxa4 50. g5 Qd7 51. Qh7 fxg5 52. hxg5 Qd6+ 53. Kg1 hxg5 0-1

[Event "Titled Tuesday intern op 20th Dec Early"]
[Site "Chess.com INT"]
[Date "2022.12.20"]
[Round "3"]
[White "Doluhanova, Evgeniya"]
[Black "Bhakti, Kulkarni"]
[Result "0-1"]
[WhiteElo "2288"]
[BlackElo "2319"]
[PlyCount "98"]
[EventDate "2022.12.20"]
[EventType "swiss (blitz)"]
[EventRounds "11"]
[EventCountry "USA"]
[SourceTitle "EXT 2024"]
[Source "ChessBase"]
[SourceDate "2023.10.10"]
[SourceVersion "1"]
[SourceVersionDate "2023.10.10"]
[SourceQuality "1"]

1. e4 c6 2. d4 g6 3. Bd3 Bg7 4. c3 d5 5. e5 Nh6 6. Ne2 0-0 7. Nd2 f6 8. exf6 exf6 9. Nf3 Bf5 10. Ng3 Bxd3 11. Qxd3 Re8+ 12. Be3 Ng4 13. 0-0-0 Rxe3 14. fxe3 Nf2 15. Qe2 Nxd1 16. Rxd1 Bh6 17. Kb1 f5 18. h4 Qe7 19. h5 Qxe3 20. Qxe3 Bxe3 21. hxg6 hxg6 22. Ne5 Kg7 23. Ne2 Na6 24. Rd3 Bg5 25. Rh3 Bf6 26. Nd7 Re8 27. Nf4 Re1+ 28. Kc2 Bg5 29. Nd3 Re2+ 30. Kb3 Rxg2 31. N7e5 Nc7 32. Ne1 Re2 33. N1f3 Bf6 34. Rg3 Bxe5 35. Nxe5 Rxe5 36. dxe5 Ne6 37. Kc2 g5 38. Kd2 g4 39. Ke2 Kg6 40. b3 Kg5 41. c4 f4 42. Rg1 d4 43. Rh1 Kf5 44. Rh7 Ke4 45. Rh6 Kxe5 46. Rh5+ Ke4 47. Rh6 d3+ 48. Kf2 Nd4 49. Rd6 d2 0-1